中国朝鲜族、哈尼族、黎族、哈萨克族、傣族比例超过20%的县级行政区 - Statistics

General Stats
  • This quiz has been taken 15 times
  • The average score is 39 of 53
Answer Stats
民族 省级 地级 县级 比例 % Correct
朝鲜族 吉林 延边 延吉市 48.86%
100%
朝鲜族 吉林 延边 珲春市 31.01%
100%
朝鲜族 吉林 延边 图们市 52.90%
91%
黎族 海南 省直辖 五指山市 59.00%
91%
黎族 海南 省直辖 东方市 20.02%
91%
哈萨克族 新疆 阿勒泰 哈巴河县 62.57%
91%
哈萨克族 新疆 阿勒泰 阿勒泰市 39.02%
91%
哈萨克族 新疆 乌鲁木齐 乌鲁木齐县 26.15%
91%
傣族 云南 德宏 潞西市 33.96%
91%
傣族 云南 西双版纳 景洪市 26.58%
91%
黎族 海南 省直辖 白沙黎族自治县 62.28%
91%
黎族 海南 省直辖 保亭黎族苗族自治县 61.18%
91%
黎族 海南 省直辖 琼中黎族苗族自治县 53.66%
91%
黎族 海南 省直辖 陵水黎族自治县 52.87%
91%
朝鲜族 吉林 延边 龙井市 61.46%
82%
哈萨克族 新疆 阿勒泰 布尔津县 59.57%
82%
哈萨克族 新疆 伊犁 昭苏县 51.78%
82%
哈萨克族 新疆 伊犁 特克斯县 45.49%
82%
哈萨克族 新疆 阿勒泰 福海县 32.87%
82%
傣族 云南 德宏 瑞丽市 30.45%
82%
黎族 海南 省直辖 昌江黎族自治县 37.47%
82%
哈萨克族 新疆 哈密 巴里坤哈萨克自治县 44.68%
82%
朝鲜族 吉林 延边 汪清县 24.39%
73%
哈尼族 云南 红河 红河县 78.23%
73%
哈尼族 云南 西双版纳 勐腊县 24.27%
73%
哈萨克族 新疆 阿勒泰 富蕴县 74.36%
73%
哈萨克族 新疆 阿勒泰 吉木乃县 68.15%
73%
哈萨克族 新疆 伊犁 尼勒克县 46.40%
73%
哈萨克族 新疆 伊犁 巩留县 30.01%
73%
哈萨克族 新疆 博尔塔拉 温泉县 21.08%
73%
傣族 云南 西双版纳 勐海县 36.08%
73%
傣族 云南 德宏 盈江县 32.76%
73%
傣族 云南 西双版纳 勐腊县 20.67%
73%
哈尼族 云南 普洱 墨江哈尼族自治县 61.63%
73%
哈萨克族 新疆 昌吉 木垒哈萨克自治县 32.04%
73%
哈萨克族 甘肃 酒泉 阿克塞哈萨克族自治县 27.00%
73%
哈萨克族 新疆 塔城 和布克赛尔蒙古自治县 22.49%
73%
哈尼族 云南 玉溪 元江哈尼族彝族
傣族自治县
41.18%
73%
朝鲜族 吉林 延边 和龙市 47.25%
64%
哈尼族 云南 红河 绿春县 86.56%
64%
哈萨克族 新疆 阿勒泰 青河县 78.57%
64%
哈萨克族 新疆 伊犁 新源县 46.21%
64%
黎族 海南 省直辖 乐东黎族自治县 37.58%
64%
黎族 贵州 安顺 关岭布依族苗族自治县 23.43%
64%
哈尼族 云南 红河 金平苗族瑶族 傣族自治县 26.03%
64%
哈萨克族 新疆 塔城 托里县 68.77%
55%
哈萨克族 新疆 塔城 额敏县 35.55%
55%
哈萨克族 新疆 塔城 裕民县 32.86%
55%
傣族 云南 德宏 梁河县 20.68%
55%
哈尼族 云南 红河 元阳县 53.54%
45%
哈尼族 云南 普洱 江城哈尼族彝族自治县 47.29%
45%
哈尼族 云南 普洱 宁洱哈尼族彝族自治县 24.77%
45%
哈萨克族 新疆 伊犁 察布查尔锡伯自治县 20.09%
36%
No matching quizzes found
Score Distribution
Percent of People with Each Score
Percentile by Number Answered
Your Score History
You have not taken this quiz